|
|
|
|
| LEADER |
00000nam0a2200000 4500 |
| 001 |
252333 |
| 005 |
20231101232735.0 |
| 035 |
|
|
|a (RuTPU)RU\TPU\book\274665
|
| 090 |
|
|
|a 252333
|
| 100 |
|
|
|a 20140301d1921 k y0gery50 ba
|
| 101 |
0 |
|
|a ger
|
| 102 |
|
|
|a DE
|
| 105 |
|
|
|a y a 001zy
|
| 200 |
1 |
|
|a Literatur-Register der Organischen Chemie
|h B. 3. Umfassend die Leteratur-Jahre 1914 und 1915
|f Deutschen Chemischen Gesellschaft ; Redigiert von R. Stelzner
|
| 210 |
|
|
|a Berlin
|c Verlag von Julluus Springer
|d 1921
|
| 215 |
|
|
|a 1461 s.
|
| 320 |
|
|
|a Stichwortverzeichnis: s. 1425-1461.
|
| 606 |
1 |
|
|a Библиографические пособия
|x По химии
|2 stltpush
|3 (RuTPU)RU\TPU\subj\28562
|9 52080
|
| 606 |
1 |
|
|a Органическая химия
|2 stltpush
|3 (RuTPU)RU\TPU\subj\47309
|9 66362
|
| 610 |
1 |
|
|a химическая литература
|
| 610 |
1 |
|
|a библиография
|
| 610 |
1 |
|
|a немецкий язык
|
| 675 |
|
|
|a 547(01)
|v 3
|
| 686 |
|
|
|a Я19:54
|v LBC/SL-A
|2 rubbk
|
| 702 |
|
1 |
|a Stelzner
|b R.
|g Robert
|4 340
|
| 712 |
0 |
2 |
|a Deutschen Chemischen Gesellschaft
|
| 801 |
|
1 |
|a RU
|b 63413507
|c 20140301
|
| 801 |
|
2 |
|a RU
|b 63413507
|c 20140304
|g RCR
|
| 942 |
|
|
|c BK
|